Structure of Expenditures on Research and Development in the Slovak Republic

Prieskum štruktúry výdavkov na výskum a vývoj v Slovenskej republike z rôznych perspektív a zváženie ich vývoja počas hospodárskeho cyklu. Zdroje financovania a aktivity v rámci vývoja a výskumu v rokoch 2002-2017.

Uložené v:
Podrobná bibliografia
Hlavný autor: Darmo, Ľubomír, 1984-
Médium: Kapitola
Jazyk:English
Predmet:
Tagy: Pridať tag
Žiadne tagy, Buďte prvý, kto otaguje tento záznam!

MARC

LEADER 00000naa$a2200000$$$4500
001 0258567
005 20240712110554.4
041 0 |a eng 
044 |a CZ 
245 1 0 |a Structure of Expenditures on Research and Development in the Slovak Republic  |c Ľubomír Darmo 
520 |a Prieskum štruktúry výdavkov na výskum a vývoj v Slovenskej republike z rôznych perspektív a zváženie ich vývoja počas hospodárskeho cyklu. Zdroje financovania a aktivity v rámci vývoja a výskumu v rokoch 2002-2017. 
610 2 0 |a veda 
610 2 0 |a výskum 
610 2 0 |a výdavky 
610 2 0 |a inovácia výrobkov 
610 2 0 |a konkurencieschopnosť 
610 2 0 |a cykly hospodárske 
100 1 |a Darmo, Ľubomír, 1984-